Word Ladder: The Women of Team USA (2016) Quiz Stats

Quiz not verified by Sporcle

Challenge
Share
Tweet
Embed
Score 0/25 Timer 03:00
0 Plays Today
Hint 5-Letter Word % Correct
✮Silver medalist in tennis mixed doubles: _____ Williams✮✮VENUS✮
92.6%
Odometer units; Trumpeter DavisMILES
91.7%
Subtraction signMINUS
91.7%
Carol Channing musical and Louis Armstrong hit: 'Hello, _____!'DOLLY
91.7%
✮Winner of 4 gold medals in gymnastics: Simone _____✮BILES✮
90.7%
Coin collecting or scrapbooking, for exampleHOBBY
90.7%
They'll help you choose sides...and entréesMENUS
89.8%
Groom, post-weddingHUBBY
89.8%
Domestic cat with a patterned coatTABBY
88.9%
Bundles of hayBALES
88%
Where gold diggers can be foundMINES
88%
A car's battle scarsDENTS
88%
Air ducts; Volcanic featuresVENTS
86.1%
Hint 5-Letter Word % Correct
Voodoo acupuncture subjectsDOLLS
85.2%
Short and plump, like the tuba in a '40s songTUBBY
85.2%
✮Gymnast who picked up a gold medal: _____ Douglas✮✮GABBY✮
84.3%
The Malfoys' former house elfDOBBY
84.3%
Surround sound company; Thomas who got blinded with scienceDOLBY
82.4%
Acid neutralizers; There's four on a diamondBASES
79.6%
Shoulder muscles, for shortDELTS
78.7%
Knuckleheads; NitwitsDOLTS
77.8%
A foundation; an underlying principleBASIS
75%
✮Swimmer who earned 4 golds and broke several world records: _____ Ledecky✮✮KATIE✮
65.7%
Last name of jazz pianist CountBASIE
63.9%
NBC correspondent _____ HuntKASIE
54.6%

You're not logged in!

Compare scores with friends on all Sporcle quizzes.
Sign Up with Email
OR
Log In

You Might Also Like...

Show Comments

Extras

Top Quizzes Today


Score Distribution

Your Account Isn't Verified!

In order to create a playlist on Sporcle, you need to verify the email address you used during registration. Go to your Sporcle Settings to finish the process.